The Open university of Tanzania, Course Materials for the LL.B programme: law of contract Part I

Na minha lista:
Detalhes bibliográficos
Autor principal: Nditi, Nicholas N.N
Formato: Livro
Publicado em: Dar es salaam : Open university of Tanzania, c2017
Assuntos:
Tags: Adicionar Tag
Sem tags, seja o primeiro a adicionar uma tag!

MARC

LEADER 00000nam a2200000 4500
005 20251001091058.0
020 |a N/A  |c TZS 20,000/= 
040 |a MCCL  |b eng.  |e AACR 2nd rev. ed. 
082 |a 344.678 NDI 
100 |a Nditi, Nicholas N.N 
245 |a The Open university of Tanzania, Course Materials for the LL.B programme: law of contract Part I  |c / Nicholas N.N. Nditi 
260 |a  Dar es salaam :   |b Open university of Tanzania,  |c c2017 
300 |a 180p. :  |c 29 cm. 
650 |a  Contracts Law  |b East Africa 
700 |a Nditi, Nicholas N.N 
942 |c BK 
999 |c 11463  |d 11463